000
00261nam a22001097a 4500
008
160519b xxu||||| |||| 00| 0 eng d
020
_a
0023090502
041
_a
eng
080
_a
574
245
_a
Contemporary urban ecology:
_c
Brian J. L. Berry;
942
_2
udc
_c
BK
999
_c
2259
_d
2259